| 000 | 00870nam a22002177a 4500 | ||
|---|---|---|---|
| 003 | EG-ScBUE | ||
| 005 | 20221208134539.0 | ||
| 008 | 111103s1998 ua o 000 0 ara ara d | ||
| 017 | _a1998 / 7086 | ||
| 020 | _a9770156736 | ||
| 040 |
_aEG-ScBUE _bara _erda _cEG-ScBUE _dEG-ScBUE |
||
| 082 | 0 | 4 |
_222 _a781.91 _bن ص ا |
| 100 | 1 |
_927717 _aنصار، زين، _eمؤلف. |
|
| 245 | 1 | 0 |
_aعالم الموسيقا / _cأ. د. زين نصار، أستاذ ورئيس قسم النقد الموسيقي بالمعهد العالي للنقد الفني بأكاديمية الفنون بالقاهرة. |
| 264 | 1 |
_aالقاهرة : _bالهيئة المصرية العامة للكتاب، _c1998. |
|
| 300 |
_a314 صفحة : _bصور ؛ _c23 سم |
||
| 650 | 7 |
_921989 _aالموسيقى. _2BUEsh |
|
| 653 |
_cNovember2011 _bART |
||
| 655 | _vReading book | ||
| 942 |
_2ddc _cBB |
||
| 999 |
_c16194 _d16194 |
||